<The> Fitzroy Dearborn encyclopedia of banking & finance

Saved in:
Bibliographic Details
Other Authors: Woelfel, Charles J.
Format: Book
Language:English
Published: Chicago FITZROY DEARBORN 1994
Edition:10. ed.
Subjects:
Tags: Add Tag
No Tags, Be the first to tag this record!

MARC

LEADER 00000nam a2200000 4500
001 c116049
005 20230110134602.5
020 |a 1-884964-07-9 
041 0 |a eng 
044 |a US 
245 1 0 |a <The> Fitzroy Dearborn encyclopedia of banking & finance  |c zost. Charles J. Woelfel 
250 |a 10. ed. 
264 1 |a Chicago  |b FITZROY DEARBORN  |c 1994 
300 |a 1219 s. 
610 2 0 |a bankovníctvo 
610 2 0 |a financie 
610 2 0 |a terminológia 
700 1 |a Woelfel, Charles J.